| 000 | 00454nam a2200205Ia 4500 | ||
|---|---|---|---|
| 001 | 14369 | ||
| 003 | GE_BSU | ||
| 008 | 181216s||||||||xx |||||||||||||| ||und|| | ||
| 020 | _a0006176976 | ||
| 040 | _cGE_BSU | ||
| 080 | _a821.111-311.6 | ||
| 100 | _aCornwell,Bernard | ||
| 245 | _aSharpe's Rifles | ||
| 260 | _aLondon | ||
| 260 | _bHarper Collins Publishers | ||
| 260 | _c1988 | ||
| 300 | _a352p.18cm. | ||
| 653 | _aSharpe's Rifles | ||
| 942 | _cBK | ||
| 999 |
_c47505 _d47505 |
||